| 000 | 00714mam a2200193 a 4500 | ||
|---|---|---|---|
| 020 | _a9694023416 | ||
| 082 | 0 | 0 |
_a338.95491 _bSHA _cNUST, N-01, p-48 |
| 100 | 1 |
_aKhan, Shahrukh Rafi. _911173 |
|
| 245 | 1 | 0 |
_aReforming Pakistan's political economy / _cShahrukh Rafi Khan. |
| 260 |
_aIslamabad : _bSustainable Development Policy Institute ; _aLahore : _bVanguard, _c1999. |
||
| 300 |
_aii, 231 p. ; _c23 cm. |
||
| 500 | _aEssays. | ||
| 526 |
_a0 _b0 _c0 _d338_954910000000000_SHA |
||
| 650 | 0 |
_aEcology _zPakistan. _936745 |
|
| 650 | 0 |
_aEducation _zPakistan. _919281 |
|
| 650 | 0 |
_aNon-governmental organizations _zPakistan. _936746 |
|
| 650 | 0 |
_aStructural adjustment (Economic policy) _zPakistan. _936747 |
|
| 942 |
_2ddc _cBK |
||
| 999 |
_c541723 _d541723 |
||